| 000 | 00750cam a22002297a 4500 | ||
|---|---|---|---|
| 999 |
_c29442 _d29442 |
||
| 001 | 17461580 | ||
| 003 | OSt | ||
| 005 | 20171205204600.0 | ||
| 008 | 120913s2011 ke a 000 j eng | ||
| 010 | _a 2012311850 | ||
| 020 | _a9789966258045 | ||
| 040 |
_aDLC _cDLC |
||
| 042 | _alcode | ||
| 050 | 0 | 0 | _aMLCS 2012/00852 (P) |
| 245 | 0 | 4 |
_aThe high flier and other stories / _cJairus Omuteche (ed.). |
| 246 | 1 | 4 | _aThe high flier & other stories |
| 260 |
_aNairobi, Kenya : _bEast African Educational Publishers Ltd., _c2011. |
||
| 300 |
_axvi, 164 p. : _bill. ; _c21 cm. |
||
| 700 | 1 | _aOmuteche, Jairus. | |
| 906 |
_a7 _bcbc _corigode _d4 _encip _f20 _gy-gencatlg |
||
| 942 |
_2lcc _cAFRICANA _hPE 1128.A2 .A48 2011 |
||